[Event "Isla de la Juventud-ch"]
[Site "Nueva Gerona"]
[Date "2009.11.01"]
[Round "16"]
[White "Portales Borrero, Roman"]
[Black "Valiente Zambrano, Leonel"]
[Result "1-0"]
[WhiteElo "2306"]
[BlackElo "2209"]
[PlyCount "66"]
[EventDate "2009.10.25"]
[EventType "tourn"]
[EventRounds "18"]
[EventCountry "CUB"]
[SourceTitle "EXT 2019"]
[Source "ChessBase"]
[SourceDate "2018.10.10"]
[SourceVersion "1"]
[SourceVersionDate "2018.10.10"]
[SourceQuality "1"]

1. e4 e5 2. Nf3 Nf6 3. Nc3 Bb4 4. Bc4 d6 5. 0-0 Bxc3 6. bxc3 Nxe4 7. d4 d5 8. Bb3 Bg4 9. Qd3 Bxf3 10. gxf3 Ng5 11. dxe5 c6 12. f4 Ne6 13. f5 Nc5 14. Qg3 Rg8 15. Qh3 h6 16. Re1 a5 17. a3 Ne4 18. e6 fxe6 19. Rb1 a4 20. Ba2 Qf6 21. Rxe4 dxe4 22. Bxe6 Rf8 23. Rxb7 Na6 24. Qh5+ g6 25. Bd7+ Kd8 26. Qxh6 Nc7 27. Bg5 Qxg5+ 28. Qxg5+ Kxd7 29. fxg6 Kc8 30. Rb4 Nd5 31. g7 Rg8 32. Qf5+ Kc7 33. Qf7+ Kd6 1-0

[Event "Isla de la Juventud-ch"]
[Site "Nueva Gerona"]
[Date "2009.10.31"]
[Round "13"]
[White "Bezanilla Sanchez, Alexis"]
[Black "Portales Borrero, Roman"]
[Result "1/2-1/2"]
[WhiteElo "2301"]
[BlackElo "2306"]
[PlyCount "24"]
[EventDate "2009.10.25"]
[EventType "tourn"]
[EventRounds "18"]
[EventCountry "CUB"]
[SourceTitle "EXT 2019"]
[Source "ChessBase"]
[SourceDate "2018.10.10"]
[SourceVersion "1"]
[SourceVersionDate "2018.10.10"]
[SourceQuality "1"]

1. e4 Nc6 2. Nf3 Nf6 3. e5 Nd5 4. Nc3 Nxc3 5. dxc3 g6 6. Bf4 Bg7 7. Bc4 0-0 8. 0-0 d6 9. exd6 cxd6 10. Qd2 Na5 11. Be2 Be6 12. Bh6 Nc6 1/2-1/2

[Event "Isla de la Juventud-ch"]
[Site "Nueva Gerona"]
[Date "2009.10.31"]
[Round "14"]
[White "Portales Borrero, Roman"]
[Black "Gonzalez Vega, Alejandro"]
[Result "0-1"]
[WhiteElo "2306"]
[BlackElo "2283"]
[PlyCount "117"]
[EventDate "2009.10.25"]
[EventType "tourn"]
[EventRounds "18"]
[EventCountry "CUB"]
[SourceTitle "EXT 2019"]
[Source "ChessBase"]
[SourceDate "2018.10.10"]
[SourceVersion "1"]
[SourceVersionDate "2018.10.10"]
[SourceQuality "1"]

1. e4 Nc6 2. d4 d5 3. e5 Bf5 4. Nf3 Qd7 5. Be2 e6 6. 0-0 0-0-0 7. Be3 Kb8 8. Nbd2 h5 9. Rc1 f6 10. Bb5 a6 11. Ba4 Nge7 12. c4 dxc4 13. Nxc4 b5 14. Qb3 Ka8 15. Bxb5 axb5 16. Qxb5 Na7 17. Qa6 Qb5 18. Qxb5 Nxb5 19. a4 Na7 20. b4 Nac6 21. b5 Nb4 22. b6 cxb6 23. Nxb6+ Kb7 24. Nc4 Ned5 25. Ra1 Nc3 26. Ra3 Ne2+ 27. Kh1 Ka6 28. Rb3 Bd3 29. Ncd2 Rc8 30. Re1 Rc3 31. Rxc3 Nxc3 32. Rc1 Nxa4 33. Ra1 Kb5 34. Ra3 Nb6 35. d5 N6xd5 36. Nd4+ Kb6 37. Nxe6+ Nxe3 38. fxe3 Be7 39. Nf4 Bb5 40. exf6 gxf6 41. Nf3 Rd8 42. Ra1 Nc2 43. Rc1 Nxe3 44. Nxh5 Ra8 45. h4 Bc6 46. Re1 Ra3 47. Nf4 Bd6 48. Ne6 Nxg2 49. Rb1+ Ka6 50. Kxg2 Bxf3+ 51. Kg1 Ra2 52. Rb3 Bd5 53. Rc3 Kb6 54. Re3 Be5 55. Rxe5 fxe5 56. Nf8 e4 57. Nd7+ Kc6 58. Ne5+ Kc5 59. h5 0-1

[Event "Nueva Gerona 15 May Cup"]
[Site "Nueva Gerona"]
[Date "2009.05.23"]
[Round "16"]
[White "Bezanilla Sanchez, Alexis"]
[Black "Portales Borrero, Roman"]
[Result "0-1"]
[WhiteElo "2279"]
[BlackElo "2274"]
[PlyCount "124"]
[EventDate "2009.05.13"]
[EventType "tourn"]
[EventRounds "22"]
[EventCountry "CUB"]
[SourceTitle "EXT 2020"]
[Source "ChessBase"]
[SourceDate "2019.10.17"]
[SourceVersion "1"]
[SourceVersionDate "2019.10.17"]
[SourceQuality "1"]

1. d4 Nf6 2. c4 g6 3. Nc3 Bg7 4. e4 d6 5. Be2 0-0 6. Nf3 e5 7. 0-0 Nc6 8. d5 Ne7 9. Nd2 a5 10. a3 Nd7 11. Rb1 f5 12. b4 Kh8 13. Qc2 Ng8 14. f3 Ngf6 15. Nb5 axb4 16. axb4 Nh5 17. g3 Ndf6 18. c5 fxe4 19. fxe4 Bh3 20. Rf2 Qd7 21. c6 bxc6 22. Qxc6 Bh6 23. Nc4 Bg7 24. Qxd7 Bxd7 25. Nc3 Bg4 26. Bxg4 Nxg4 27. Rxf8+ Rxf8 28. b5 Rf3 29. b6 cxb6 30. Nb5 Bf8 31. Nbxd6 Rd3 32. Bg5 Bxd6 33. Nxd6 h6 34. Be7 Rd2 35. Rxb6 Kg7 36. Rb7 Kg8 37. Nc4 Rc2 38. Rb8+ Kf7 39. d6 Rxc4 40. d7 Rc1+ 41. Kg2 Rc2+ 42. Kh3 Nf2+ 43. Kh4 Nf4 44. Rf8+ Ke6 45. Rxf4 Kxe7 46. Rf7+ Kd8 47. Rg7 Rc6 48. Rh7 g5+ 49. Kh5 Nxe4 50. Rh8+ Kxd7 51. Rh7+ Kd8 52. Rh8+ Kc7 53. Rh7+ Kb6 54. Rxh6 Nxg3+ 55. hxg3 Rxh6+ 56. Kxh6 e4 57. Kxg5 e3 58. g4 e2 59. Kf6 e1Q 60. g5 Kc5 61. g6 Kd5 62. g7 Qe6+ 0-1